000 00300nam a22001337a 4500
008 171030b xxu||||| |||| 00| 0 eng d
020 _a0023785209
041 _aeng
080 _a338
100 _a57
101 _aQMI
245 _aTHE APPLIED THEORY OF PRICE
_cDONALD.M./N
942 _2udc
_cBK
999 _c36511
_d36511